Documents of the history of the communist party of India / (Record no. 136753)
[ view plain ]
| 000 -LEADER | |
|---|---|
| fixed length control field | 00682nam a22002177a 4500 |
| 010 ## - LIBRARY OF CONGRESS CONTROL NUMBER | |
| LC control number | 654799 |
| 020 ## - INTERNATIONAL STANDARD BOOK NUMBER | |
| Terms of availability | 40.00 |
| 035 ## - SYSTEM CONTROL NUMBER | |
| System control number | 654799 |
| 037 ## - SOURCE OF ACQUISITION | |
| Source of stock number/acquisition | Cen Lib / Ret |
| 040 ## - CATALOGING SOURCE | |
| Original cataloging agency | DPL |
| Language of cataloging | EN |
| 082 ## - DEWEY DECIMAL CLASSIFICATION NUMBER | |
| Classification number | 329.954 |
| Item number | ADH |
| 245 ## - TITLE STATEMENT | |
| Title | Documents of the history of the communist party of India / |
| Statement of responsibility, etc | edited by G. Adhikari |
| 260 ## - PUBLICATION, DISTRIBUTION, ETC. (IMPRINT) | |
| Place of publication, distribution, etc | New Dlehi |
| Name of publisher, distributor, etc | People's Publishing House |
| Date of publication, distribution, etc | 1971 |
| 270 ## - ADDRESS | |
| Address | People's Publishing House |
| City | New Dlehi |
| 300 ## - PHYSICAL DESCRIPTION | |
| Extent | (v 1. xix, 640 ; v 3-B. 320) |
| Other physical details | 24cm(Hb) |
| 505 ## - FORMATTED CONTENTS NOTE | |
| Formatted contents note | v 1 1917-1922 ;v 3-B. 1927 |
| 650 ## - SUBJECT ADDED ENTRY--TOPICAL TERM | |
| Topical term or geographic name as entry element | Communist Party of India. |
| 650 ## - SUBJECT ADDED ENTRY--TOPICAL TERM | |
| Topical term or geographic name as entry element | Comunismo -- India. |
| 700 ## - ADDED ENTRY--PERSONAL NAME | |
| Personal name | Adhikari, G. |
| 942 ## - ADDED ENTRY ELEMENTS (KOHA) | |
| Source of classification or shelving scheme | Dewey Decimal Classification |
| Koha item type | English Books |
| Classification part | 329.954 |
| Call number suffix | ADH |
| Withdrawn status | Lost status | Materials specified (bound volume or other part) | Damaged status | Not for loan | Home library | Current library | Date acquired | Source of acquisition | Cost, normal purchase price | Total Checkouts | Full call number | Barcode | Date last seen | Copy number | Cost, replacement price | Price effective from | Koha item type | Source of classification or shelving scheme | Public note |
|---|---|---|---|---|---|---|---|---|---|---|---|---|---|---|---|---|---|---|---|
| v 1 | Central Library | Central Library | 09/03/2016 | Cen Lib/Ret | 40.00 | 329.954 ADH | 654799 | 09/03/2016 | 1 | 40.00 | 09/03/2016 | English Books | |||||||
| Written off | v 3-B | Central Library | Central Library | 09/03/2016 | Cen Lib/Ret | 45.00 | 329.954 ADH | 958815 | 09/03/2016 | 1 | 45.00 | 09/03/2016 | English Books | Dewey Decimal Classification | Written off on approval by DLB (By Circulation); dtd 15-06-2023 |
